000 01480nam a22003737a 4500
003 CHAP
005 20220329143825.0
008 111010s2011 mx r 00010 spa
010 _a102352
011 _a103324
035 _a114013
040 _cCHAP
090 _aTesis
100 0 0 _aCruz Doriano, Sacramento.
_929366
245 1 0 _aAdministración de riesgos mediante opciones reales en jitomate de invernadero
_h[En línea]
_c/por Sacramento Cruz Doriano
260 _aChapingo, Méx. :
_bEl autor,
_c2011
500 _aPara ver el contenido del material haga clic en la liga
502 _aTesis (Ph. D. en Ciencias en Economía Agrícola) -- UACH. División de Ciencias Económico Administrativas
590 _aALEPH
_b10
_c20130110
_lUCH01
_h1542
590 _aBATCH-UPD
_b10
_c20130110
_lUCH01
_h0922
590 _aBATCH-UPD
_b10
_c20130410
_lUCH01
_h0543
590 _aBATCH-UPD
_b10
_c20130913
_lUCH01
_h1937
590 _aBATCH-UPD
_b10
_c20140324
_lUCH01
_h1528
590 _aBATCH-UPD
_b10
_c20141002
_lUCH01
_h0851
590 _aCONVERSION
_b10
_c20130109
_lUCH01
_h1356
650 1 4 _aAdministración.
_9918
650 1 4 _aRiesgos.
_997403
650 1 4 _aTomate
_xCultivos en invernadero.
_9113704
856 _3Finding aid
_uhttp://10.13.5.2/tesis/114013.pdf
_zTeclea aqui
901 _aBK
942 _cFOLL
949 _aTesis
_bBC
_cTES
_d33724002308371
_eTS2
_fc.2
_gDonaciØn
_h52853
_i114013
_st
949 _aTesis
_bBC
_cTES
_d33724002308413
_eTS1
_gDonaciØn
_h52852
_i114013
_st
999 _c102352
_d102352